(Record no. 184353)
[ view plain ]
| 000 -CABECERA | |
|---|---|
| campo de control de longitud fija | 01651nam a2200241Ia 4500 |
| 001 - NÚMERO DE CONTROL | |
| campo de control | IA_Isolation of Rhizobium, was made from nodules of alfalfa. In the laboratory, washed and disinfected the nodules and then crushed in a solution of 3% peptone. Of this solution with rhizobia, were taken handle bacterial and planted in the middle ELMA. The plates were incubated at 35 ° C for 48 hours. Then made periodic replanting in the same culture medium for purification of the strain. Was determined the colonial and microscopic morphology of the strain, and subsequently cultured in liquid (broth yeast extract-mannitol), the incubation time was 72 hours, at the end of which, cells were separated by centrifugation at 1500 rpm for 15 minutes, performing three washes with NaCl21%.The cell pack was refrigerated for subsequent development and testing of inoculant. |
| 008 - DATOS DE LONGITUD FIJA--INFORMACIÓN GENERAL | |
| campo de control de longitud fija | 220117s xx 000 0 und d |
| 010 ## - NÚMERO DE CONTROL DE LA BIBLIOTECA DEL CONGRESO | |
| Número de control de LC | 184353 |
| 530 ## - NOTA DE FORMATO FÍSICO ADICIONAL DISPONIBLE | |
| Nota de formato físico adicional disponible | Disponible en PDF |
| 583 ## - NOTA DE ACCIÓN | |
| Acción | 1 ej. imp. ; 2 ej. CD |
| 650 ## - PUNTO DE ACCESO ADICIONAL DE MATERIA--TÉRMINO DE MATERIA | |
| Término de materia o nombre geográfico como elemento de entrada | Alfalfa |
| Subdivisión general | Inoculation methods |
| 9 (RLIN) | 156763 |
| 650 ## - PUNTO DE ACCESO ADICIONAL DE MATERIA--TÉRMINO DE MATERIA | |
| Término de materia o nombre geográfico como elemento de entrada | Alfalfa |
| Subdivisión general | Métodos de inoculación |
| 9 (RLIN) | 156764 |
| 650 ## - PUNTO DE ACCESO ADICIONAL DE MATERIA--TÉRMINO DE MATERIA | |
| Término de materia o nombre geográfico como elemento de entrada | Bacterias fijadoras de nitrógeno |
| 9 (RLIN) | 156765 |
| 650 ## - PUNTO DE ACCESO ADICIONAL DE MATERIA--TÉRMINO DE MATERIA | |
| Término de materia o nombre geográfico como elemento de entrada | Nitrogen |
| Subdivisión general | fixing bacteria |
| 9 (RLIN) | 156766 |
| 650 ## - PUNTO DE ACCESO ADICIONAL DE MATERIA--TÉRMINO DE MATERIA | |
| Término de materia o nombre geográfico como elemento de entrada | Plant growth |
| Subdivisión general | promoting rhizobacteria |
| 9 (RLIN) | 156767 |
| 650 #0 - PUNTO DE ACCESO ADICIONAL DE MATERIA--TÉRMINO DE MATERIA | |
| Término de materia o nombre geográfico como elemento de entrada | Rizobacterias promotoras del crecimiento vegetal |
| 9 (RLIN) | 156768 |
| 700 ## - PUNTO DE ACCESO ADICIONAL--NOMBRE DE PERSONA | |
| Nombre de persona | Leyva Ruelas, Gabriel, dir. |
| 9 (RLIN) | 148473 |
| 700 ## - PUNTO DE ACCESO ADICIONAL--NOMBRE DE PERSONA | |
| Nombre de persona | Ponce Hernández, Pedro, asesor |
| 9 (RLIN) | 163694 |
| 700 ## - PUNTO DE ACCESO ADICIONAL--NOMBRE DE PERSONA | |
| Nombre de persona | Reyna Izaguirre, Diana, asesor |
| 9 (RLIN) | 163710 |
| 942 ## - ELEMENTOS DE PUNTO DE ACCESO ADICIONAL (KOHA) | |
| Tipo de ítem Koha | |
No items available.
